000 00292nam a2200145Ia 4500
100 _aVigyan Ashram
650 _aGeneral
942 _cRB
654 _aDevlopment
245 _aRural Devlopment
260 _bVigyan Ashram
_aPune
_c1993
300 _a94
546 _aMARATHI
999 _c20108
_d20108